| 000 | 00381 a2200157 4500 | ||
|---|---|---|---|
| 999 |
_c12735 _d12735 |
||
| 003 | OSt | ||
| 005 | 20240722164453.0 | ||
| 008 | 240722b ||||| |||| 00| 0 eng d | ||
| 020 | _a 9783868596120 | ||
| 082 | _a720 | ||
| 100 | _a Heike Rahmann (Editor) | ||
| 245 | _aThe big asian book of landscape architecture | ||
| 260 |
_b JOVIS; _c2021 |
||
| 300 | _a286p; | ||
| 942 | _2ddc | ||